La separación de hecho como causal de exclusión hereditaria (Registro nro. 33084)
[ vista simple ]
| 000 -LEADER | |
|---|---|
| fixed length control field | 00378 a2200109 4500 |
| 001 - CONTROL NUMBER | |
| control field | ART_55202 |
| 005 - DATE AND TIME OF LATEST TRANSACTION | |
| control field | 20260410162021.0 |
| 008 - FIXED-LENGTH DATA ELEMENTS--GENERAL INFORMATION | |
| fixed length control field | 260409a |
| 100 1# - MAIN ENTRY--PERSONAL NAME | |
| Personal name | Millán, Fernando |
| 245 10 - TITLE STATEMENT | |
| Title | La separación de hecho como causal de exclusión hereditaria |
| 773 0# - HOST ITEM ENTRY | |
| Title | Temas de derecho de familia, sucesiones y bioética |
| Related parts | - Año 7, N° 2 (feb. 2022) |
| Record control number | REV41029 |
No hay ítems disponibles.